Bolivar y Hatuey en Puerto Rico : (Registro nro. 5509)
[ vista simple ]
| 000 -CABECERA | |
|---|---|
| campo de control de longitud fija | 00752cam a2200193 a 4500 |
| 001 - NÚMERO DE CONTROL | |
| campo de control | 000005713 |
| 005 - FECHA Y HORA DE LA ÚLTIMA TRANSACCIÓN | |
| campo de control | 20200929151744.0 |
| 008 - DATOS DE LONGITUD FIJA--INFORMACIÓN GENERAL | |
| campo de control de longitud fija | 930914s1992 pr ab 000 0 spa |
| 040 ## - FUENTE DE LA CATALOGACIÓN | |
| Centro catalogador/agencia de origen | DO-SdBNP |
| Lengua de catalogación | spa |
| Centro/agencia transcriptor | BNPHU |
| 082 ## - NÚMERO DE LA CLASIFICACIÓN DECIMAL DEWEY | |
| Número de clasificación | 910.9 |
| Número de documento/Ítem | P154b |
| 100 1# - ENTRADA PRINCIPAL--NOMBRE DE PERSONA | |
| Nombre de persona | Paláu Suárez, Awilda |
| 9 (RLIN) | 16147 |
| 245 10 - MENCIÓN DE TÍTULO | |
| Título | Bolivar y Hatuey en Puerto Rico : |
| Resto del título | la participación puertorriqueña en la Expedición en Canoa del Amazonas al Caribe / |
| Mención de responsabilidad, etc. | Awilda Paláu Suárez. |
| 260 ## - PUBLICACIÓN, DISTRIBUCIÓN, ETC. | |
| Lugar de publicación, distribución, etc. | [San Juan, P.R. : |
| Nombre del editor, distribuidor, etc. | s.n.], |
| Fecha de publicación, distribución, etc. | 1992. |
| 300 ## - DESCRIPCIÓN FÍSICA | |
| Extensión | 162 p. : |
| Otras características físicas | il., map. ; |
| Dimensiones | 23 cm. |
| 651 #0 - PUNTO DE ACCESO ADICIONAL DE MATERIA--NOMBRE GEOGRÁFICO | |
| Nombre geográfico | Antillas |
| Subdivisión general | Descripción Y Viajes |
| 9 (RLIN) | 16148 |
| 650 #0 - PUNTO DE ACCESO ADICIONAL DE MATERIA--TÉRMINO DE MATERIA | |
| Término de materia o nombre geográfico como elemento de entrada | Canoas y pirágüas |
| Subdivisión geográfica | Antillas |
| 9 (RLIN) | 16149 |
| 611 24 - PUNTO DE ACCESO ADICIONAL DE MATERIA--NOMBRE DE REUNIÓN/CONGRESO | |
| Nombre de congreso/reunión o jurisdicción como elemento de entrada | EXPEDICIÓN EN CANOA DEL AMAZONA AL CARIBE |
| Subdivisión cronológica | (1987-1988) |
| 9 (RLIN) | 16150 |
| 650 #4 - PUNTO DE ACCESO ADICIONAL DE MATERIA--TÉRMINO DE MATERIA | |
| Término de materia o nombre geográfico como elemento de entrada | Viajes y vieajes |
| 9 (RLIN) | 16151 |
| Estado de retiro | Estado de pérdida | Restricciones de uso | No para préstamo | Código de colección | Localización permanente | Ubicación/localización actual | Ubicación en estantería | Fecha de adquisición | Número de inventario | Total de préstamos | Signatura topográfica completa | Código de barras | Fecha visto por última vez | Precio válido a partir de | Tipo de ítem Koha | Número de copia |
|---|---|---|---|---|---|---|---|---|---|---|---|---|---|---|---|---|
| Excluido de préstamo | Monografías: Libros y Folletos | General | General | Depósito | 21.08.2009 | LF1 | 910.9 P154b | 5713-10 | 25.06.2020 | 25.06.2020 | No se presta | |||||
| Excluido de préstamo | Monografías: Libros y Folletos | Patrimonio Dominicano | Patrimonio Dominicano | Depósito | 19.05.2017 | LF1 | 910.9 P154b | 5713-20 | 25.06.2020 | 25.06.2020 | No se presta | e. 2 |
